Chicken chicken / (Record no. 21335)

MARC details
000 -LEADER
fixed length control field 03084nam a22004097a 4500
005 - DATE AND TIME OF LATEST TRANSACTION
control field 20080806125525.0
008 - FIXED-LENGTH DATA ELEMENTS--GENERAL INFORMATION
fixed length control field 080806t xxu||||| |||| 00| 0 eng d
010 ## - LCCN (DPL NO)
LC control number B-331157-167
020 ## - INTERNATIONAL STANDARD BOOK NUMBER
International Standard Book Number 9780590568906
Terms of availability 95.00
020 ## - INTERNATIONAL STANDARD BOOK NUMBER
International Standard Book Number 0590568906
Terms of availability 95.00
035 ## - SYSTEM CONTROL NUMBER
System control number B-331157-167
035 ## - SYSTEM CONTROL NUMBER
System control number B-358589
037 ## - SOURCE OF ACQUISITION
Source of stock number/acquisition The wise owl
040 ## - CATALOGING SOURCE
Original cataloging agency DPL
Language of cataloging English
082 ## - DEWEY DECIMAL CLASSIFICATION NUMBER
Classification number S
100 ## - MAIN ENTRY--PERSONAL NAME
Personal name Stine, R.L.
245 ## - TITLE STATEMENT
Title Chicken chicken /
Statement of responsibility, etc by R.L. Stine
260 ## - PUBLICATION, DISTRIBUTION, ETC. (IMPRINT)
Name of publisher, distributor, etc Scholastic India
Date of publication, distribution, etc 2008 (repr.)
Place of publication, distribution, etc Gurgaon
270 ## - ADDRESS
Address 550 A, Pace City-II, Sector - 37,
City Gurgaon
Postal code 122004
Telephone number 2212432
300 ## - PHYSICAL DESCRIPTION
Extent 112p.
Dimensions 19cm. (pbk)
490 ## - SERIES STATEMENT
Series statement Goosebumps - 53
942 ## - ADDED ENTRY ELEMENTS (KOHA)
Item type Children Books
Source of classification or shelving scheme Dewey Decimal Classification
Call number suffix STI
Classification part S
Holdings
Withdrawn status Lost status Source of classification or shelving scheme Damaged status Not for loan Collection code Home library Current library Date acquired Source of acquisition Cost, normal purchase price Total Checkouts Full call number Barcode Date last seen Copy number Cost, replacement price Koha item type Total Renewals Public note
    Dewey Decimal Classification     Fiction Bawana Bawana 06/08/2009 The Wise Owl/005/15.5.09/15/23.4.09/3.6.09 95.00   S STI B-331166 06/08/2009 1 95.00 Children Books    
    Dewey Decimal Classification     Fiction Central Library Central Library 06/08/2009 The Wise Owl/005/15.5.09/15/23.4.09/3.6.09 95.00   S STI B-331157 06/08/2009 1 95.00 Children Books    
Withdrawn   Dewey Decimal Classification     Fiction Janak Puri Janak Puri 25/09/2009 The Wise Owl/018/14.9.09/91/2.9.09/16.9.09 95.00 15 S STI B-358589 29/12/2017 1 95.00 Children Books    
    Dewey Decimal Classification     Fiction Karol Bagh Karol Bagh 06/08/2009 The Wise Owl/005/15.5.09/15/23.4.09/3.6.09 95.00   S STI B-331164 06/08/2009 1 95.00 Children Books    
    Dewey Decimal Classification     Fiction Kasturba Gandhi Marg Kasturba Gandhi Marg 06/08/2009 The Wise Owl/005/15.5.09/15/23.4.09/3.6.09 95.00   S STI B-331159 06/08/2009 1 95.00 Children Books    
    Dewey Decimal Classification     Fiction Narela Narela 06/08/2009 The Wise Owl/005/15.5.09/15/23.4.09/3.6.09 95.00   S STI B-331165 06/08/2009 1 95.00 Children Books    
    Dewey Decimal Classification     Fiction Patel Nagar Patel Nagar 06/08/2009 The Wise Owl/005/15.5.09/15/23.4.09/3.6.09 95.00 4 S STI B-331158 22/03/2025 1 95.00 Children Books 2  
    Dewey Decimal Classification     Fiction Peshwa Road Peshwa Road 06/08/2009 The Wise Owl/005/15.5.09/15/23.4.09/3.6.09 95.00 1 S STI B-331160 14/01/2022 1 95.00 Children Books    
    Dewey Decimal Classification     Fiction Sarojini Nagar Sarojini Nagar 06/08/2009 The Wise Owl/005/15.5.09/15/23.4.09/3.6.09 95.00   S STI B-331161 06/08/2009 1 95.00 Children Books   Withdrawn List Prepared L.No.57/9
    Dewey Decimal Classification     Fiction Sarojini Nagar Sarojini Nagar 06/08/2009 The Wise Owl/005/15.5.09/15/23.4.09/3.6.09 95.00 2 S STI B-331162 22/03/2024 1 95.00 Children Books    
  Written-off vide DLB M. No. 383 dt 16.05.19 Dewey Decimal Classification     Fiction Shahdara Branch Shahdara Branch 06/08/2009 The Wise Owl/005/15.5.09/15/23.4.09/3.6.09 95.00   S STI B-331167 06/08/2009 1 95.00 Children Books    
    Dewey Decimal Classification     Fiction Vinoba Puri Vinoba Puri 06/08/2009 The Wise Owl/005/15.5.09/15/23.4.09/3.6.09 95.00 9 S STI B-331163 10/11/2018 1 95.00 Children Books    

© Delhi Public Library
Hit Counter
free hit counter